| LEADER |
01176nam0a2200241 450 |
| 001 |
16858509 |
| 010 |
|
|
|a 978-2-302-01786-3
|d 11,5
|
| 100 |
|
|
|a 20221104d2011 u u0frey01 ba
|
| 101 |
0 |
|
|a fre
|
| 102 |
|
|
|a FR
|
| 200 |
0 |
|
|a Pour une mine de diamants
|f scénario, Audrey Alwett
|g dessin, Nora Moretti - couleurs, Claudia Boccato
|
| 207 |
|
1 |
|a
|
| 210 |
|
|
|a Toulon
|c Soleil
|d 2011
|
| 215 |
|
|
|a 1 vol. (46 p.)
|c ill. en coul.
|d 22x30 cm
|
| 225 |
1 |
|
|a Princesse Sara
|v 1
|
| 330 |
|
|
|a Londres, XIXe siècle. Arrivée de la jeune et fortunée Sara dans une pension anglaise et qui voit bientôt sa vie basculer à la mort de son père. Rabaissée au niveau de servante, menant une vie misérable, elle endure cependant les tourments que lui infligent la directrice et certaines élèves avec humilité et courage, soutenue par de fidèles amis.
|
| 461 |
|
0 |
|t Princesse Sara
|v 1
|
| 700 |
|
0 |
|a Alwett
|b Audrey
|f 1982-....
|4 70
|
| 702 |
|
0 |
|a Moretti
|b Nora
|f 1980-....
|4 440
|
| 702 |
|
0 |
|a Burnett
|b Frances Hodgson
|f 1849-1924
|4 100
|
| 900 |
|
|
|a Bande Dessinée (enfants)
|
| 901 |
|
|
|a Jeunesse
|
| 995 |
|
|
|a Médiathèque
|c Médiathèque
|f 089019055
|h 089019055
|k BD PRI 1
|o p
|q j
|r az
|e Médiathèque
|